[Event "15th Unive op"]
[Site "Hoogeveen NED"]
[Date "2011.10.14"]
[Round "1.34"]
[White "Scharft, Johan"]
[Black "Schoorl, Rob"]
[Result "0-1"]
[WhiteElo "2005"]
[BlackElo "2276"]
[EventDate "2011.10.14"]
[PlyCount "66"]

1.e4 e5 2.Nf3 Nc6 3.Bc4 Nf6 4.d4 exd4 5.Ng5 d5 6.exd5 Qe7+ 7.Qe2 Qxe2+ 8.
Kxe2 Ne5 9.Bb3 h6 10.f4 Bg4+ 11.Kf2 hxg5 12.fxe5 Ne4+ 13.Ke1 Bc5 14.Rf1 
Rxh2 15.d6 Rxg2 16.Bxf7+ Kd7 17.Bc4 cxd6 18.Bd3 Bb4+ 19.c3 dxc3 20.bxc3 
Nxc3 21.Bd2 Re8 22.Rf7+ Ke6 23.Rxb7 Rg1+ 24.Kf2 Bc5+ 25.Be3 Rf8+ 26.Kxg1 
Bxe3+ 27.Kh2 Bf4+ 28.Kg1 Be3+ 29.Kh2 Rf2+ 30.Kg3 Bf3 31.Rxg7 g4 32.Nxc3 
Rg2+ 33.Kh4 Rh2+ 0-1

[Event "15th Unive op"]
[Site "Hoogeveen NED"]
[Date "2011.10.14"]
[Round "1.35"]
[White "Nakar, Eylon"]
[Black "Hummel, Joop"]
[Result "1-0"]
[WhiteElo "2268"]
[BlackElo "2004"]
[EventDate "2011.10.14"]
[PlyCount "81"]

1.e4 e5 2.Nf3 Nf6 3.d4 Nxe4 4.Bd3 d5 5.dxe5 Nc5 6.Be2 Nc6 7.Bg5 Be7 8.Bxe7
Qxe7 9.Nc3 Be6 10.Bb5 O-O 11.O-O Rad8 12.Bxc6 bxc6 13.Nd4 Bd7 14.Re1 Ne6 
15.Qd2 Qb4 16.Nxe6 fxe6 17.a3 Qg4 18.Qe3 d4 19.Qe2 Qxe2 20.Nxe2 c5 21.Rad1
Bb5 22.Nc1 c4 23.Na2 c5 24.Rd2 Rd5 25.b4 cxb3 26.cxb3 Rf5 27.h3 Rfxe5 28.
Rxe5 Rxe5 29.b4 d3 30.Nc3 c4 31.f4 Rd5 32.Kf2 Ba6 33.Nxd5 exd5 34.Ke3 c3 
35.Rxd3 Bxd3 36.Kxd3 d4 37.b5 Kf7 38.f5 Ke7 39.g4 Kd6 40.g5 Ke5 41.a4 1-0

[Event "15th Unive op"]
[Site "Hoogeveen NED"]
[Date "2011.10.14"]
[Round "1.36"]
[White "Maris, Ivo"]
[Black "Vedder, Richard"]
[Result "0-1"]
[WhiteElo "1998"]
[BlackElo "2260"]
[EventDate "2011.10.14"]
[PlyCount "58"]

1.d4 d5 2.c4 dxc4 3.Nf3 Nf6 4.Nc3 a6 5.a4 Nc6 6.e4 Bg4 7.d5 Na5 8.h3 Bxf3 
9.Qxf3 Qd6 10.Bf4 e5 11.dxe6 Qxe6 12.O-O-O c6 13.g4 Bb4 14.Bg2 O-O 15.g5 
Nd7 16.h4 Ne5 17.Qg3 Nd3+ 18.Kc2 Nxf4 19.Qxf4 Rad8 20.h5 b5 21.Bh3 Qe7 22.
Ne2 Rd3 23.Nd4 Rd8 24.Nf5 Rd2+ 25.Rxd2 Rxd2+ 26.Kb1 Qd8 27.g6 Qd3+ 28.Ka1 
Nb3+ 29.Ka2 Rxb2+ 0-1

[Event "15th Unive op"]
[Site "Hoogeveen NED"]
[Date "2011.10.14"]
[Round "1.37"]
[White "Beukema, Stefan"]
[Black "Broeken, Harry"]
[Result "1-0"]
[WhiteElo "2259"]
[BlackElo "1992"]
[EventDate "2011.10.14"]
[PlyCount "63"]

1.e4 c5 2.Nf3 Nc6 3.d4 cxd4 4.Nxd4 Qc7 5.Nc3 e6 6.Be3 Nf6 7.Bd3 h5 8.h3 h4
9.O-O a6 10.Re1 b5 11.Qd2 Be7 12.Bf4 Ne5 13.Nd5 exd5 14.Bxe5 Qxe5 15.Nf3 
Qc7 16.exd5 Kf8 17.Nd4 Bc5 18.Nf5 Rh5 19.b4 Bd6 20.a4 Be5 21.d6 Bxd6 22.
axb5 Be5 23.b6 Qc3 24.Qe2 d6 25.b7 Bxb7 26.f4 Bd4+ 27.Kh2 Re8 28.Qf1 Rxe1 
29.Rxe1 Rxf5 30.Bxf5 Qg3+ 31.Kh1 Qxh3+ 32.Bxh3 1-0

[Event "15th Unive op"]
[Site "Hoogeveen NED"]
[Date "2011.10.14"]
[Round "1.38"]
[White "Maatman, Nick"]
[Black "Goudriaan, Etienne"]
[Result "0-1"]
[WhiteElo "1980"]
[BlackElo "2250"]
[EventDate "2011.10.14"]
[PlyCount "72"]

1.d4 Nf6 2.c4 g6 3.Nc3 Bg7 4.e4 d6 5.Be2 O-O 6.Nf3 e5 7.O-O Nc6 8.d5 Ne7 
9.Ne1 Nd7 10.Be3 f5 11.f3 f4 12.Bf2 g5 13.a4 a5 14.Nd3 b6 15.b4 axb4 16.
Nxb4 Nf6 17.Nd3 Ng6 18.Be1 Rf7 19.Nf2 h5 20.h3 Bf8 21.Nb5 Rg7 22.a5 bxa5 
23.Rxa5 Rxa5 24.Bxa5 Nh4 25.Na7 Bb7 26.Nc6 Qa8 27.Qa4 Bc8 28.Rb1 Bd7 29.
Qa2 g4 30.Rb8 Qa6 31.fxg4 hxg4 32.hxg4 Nxg4 33.c5 Ne3 34.g4 Nf3+ 35.Bxf3 
Qf1+ 36.Kh2 Rh7+ 0-1

[Event "15th Unive op"]
[Site "Hoogeveen NED"]
[Date "2011.10.14"]
[Round "1.39"]
[White "Timmermans, Ivo"]
[Black "De Groot, Hendrik"]
[Result "1-0"]
[WhiteElo "2247"]
[BlackElo "1953"]
[EventDate "2011.10.14"]
[PlyCount "57"]

1.d4 d6 2.c4 Nf6 3.Nc3 g6 4.e4 Bg7 5.Nf3 O-O 6.Be2 e5 7.O-O Nc6 8.d5 Ne7 
9.b4 Nh5 10.Re1 f5 11.Ng5 Nf4 12.Bxf4 exf4 13.Rc1 Bf6 14.Ne6 Bxe6 15.dxe6 
a5 16.b5 b6 17.Bf3 Rb8 18.Nd5 Nxd5 19.cxd5 Bb2 20.Rc2 Ba3 21.exf5 Rxf5 22.
e7 Qe8 23.Rxc7 Bb4 24.Bg4 Bxe1 25.Bxf5 Bxf2+ 26.Kxf2 gxf5 27.Qe2 Qf7 28.
Rd7 Re8 29.Rd8 1-0

[Event "15th Unive op"]
[Site "Hoogeveen NED"]
[Date "2011.10.14"]
[Round "1.40"]
[White "Gieben, Stijn"]
[Black "Hovenga, Alje"]
[Result "0-1"]
[WhiteElo "1940"]
[BlackElo "2234"]
[EventDate "2011.10.14"]
[PlyCount "80"]

1.e4 c6 2.d3 d5 3.Nd2 e5 4.g3 Bd6 5.Bg2 Nf6 6.Ne2 O-O 7.O-O Qc7 8.exd5 
cxd5 9.d4 Be6 10.dxe5 Bxe5 11.Nb3 Nc6 12.c3 Rad8 13.Be3 Qc8 14.Re1 Bh3 15.
Bh1 Bg4 16.f3 Bf5 17.Ned4 Bb8 18.Nxc6 bxc6 19.Qd2 Ne8 20.Qf2 Qc7 21.a4 Nd6
22.Bc5 Rfe8 23.Nd4 Bd7 24.Bg2 Nb7 25.Be7 Rc8 26.Ba3 a5 27.f4 Ba7 28.Kh1 
Nc5 29.Qc2 Na6 30.Qd3 Nc5 31.Qc2 Rb8 32.Rad1 h5 33.Rc1 h4 34.Rcd1 hxg3 35.
hxg3 Qd6 36.Bf3 Qh6+ 37.Kg2 Qh3+ 38.Kf2 Qh2+ 39.Bg2 Bh3 40.Kf3 Ne4 0-1

[Event "15th Unive op"]
[Site "Hoogeveen NED"]
[Date "2011.10.14"]
[Round "1.41"]
[White "Lambrechts, Koen"]
[Black "Sekandar, Kambiz"]
[Result "0-1"]
[WhiteElo "2233"]
[BlackElo "1922"]
[EventDate "2011.10.14"]
[PlyCount "70"]

1.e4 c6 2.d4 d5 3.e5 Bf5 4.Nd2 e6 5.Nb3 Nd7 6.Nf3 c5 7.dxc5 Bxc5 8.Nxc5 
Qa5+ 9.c3 Qxc5 10.Qa4 Ne7 11.Bg5 Nc6 12.Nd4 Ndxe5 13.Be3 Qd6 14.Nxf5 exf5 
15.Be2 O-O 16.Rd1 Rfe8 17.O-O Rad8 18.h3 Qf6 19.Rfe1 Ng6 20.Bf3 f4 21.Bxa7
Rxe1+ 22.Rxe1 Nge5 23.Bb6 Nxf3+ 24.gxf3 Rf8 25.Bc5 Rd8 26.Bb6 Rc8 27.Qb5 
Qg5+ 28.Kh2 Ne5 29.Rxe5 Qxe5 30.Qd7 Re8 31.Bd4 Qe2 32.Qxd5 Qxb2 33.a4 h6 
34.Qd7 Re6 35.Qc7 Qc1 0-1

[Event "15th Unive op"]
[Site "Hoogeveen NED"]
[Date "2011.10.14"]
[Round "1.42"]
[White "Van Foreest, Lucas"]
[Black "Meurs, Tom WA"]
[Result "0-1"]
[WhiteElo "1918"]
[BlackElo "2217"]
[EventDate "2011.10.14"]
[PlyCount "32"]

1.d4 d5 2.c4 c6 3.Nf3 Nf6 4.Nc3 e6 5.Bg5 h6 6.Bh4 dxc4 7.e4 g5 8.Bg3 b5 9.
Qc2 g4 10.Ne5 Qxd4 11.Nxc6 Nxc6 12.Nxb5 Bb4+ 13.Ke2 Nxe4 14.Nc7+ Ke7 15.
Nxa8 Nxg3+ 16.fxg3 Qe5+ 0-1

[Event "15th Unive op"]
[Site "Hoogeveen NED"]
[Date "2011.10.14"]
[Round "1.43"]
[White "Duijker, Rick"]
[Black "Dijkhuis, Tycho"]
[Result "1-0"]
[WhiteElo "2214"]
[BlackElo "1873"]
[EventDate "2011.10.14"]
[PlyCount "67"]

1.d4 Nf6 2.Bg5 Ne4 3.Bf4 c5 4.f3 Qa5+ 5.c3 Nf6 6.d5 Qb6 7.Bc1 e6 8.e4 exd5
9.exd5 c4 10.Bxc4 Bc5 11.Ne2 O-O 12.Qb3 Qd8 13.Bg5 h6 14.Bh4 Be3 15.Qc2 d6
16.Nd2 Nbd7 17.Ne4 g5 18.Bf2 Bxf2+ 19.Nxf2 Nb6 20.Bb3 Nbxd5 21.O-O-O Be6 
22.Nd4 Kg7 23.Rhe1 Re8 24.Ne4 Rc8 25.Nxf6 Qxf6 26.Bxd5 Bxd5 27.Nf5+ Kf8 
28.Rxe8+ Rxe8 29.Rxd5 Re1+ 30.Rd1 Rxd1+ 31.Kxd1 Qe6 32.b3 Qe5 33.Qd3 d5 
34.g3 1-0

[Event "15th Unive op"]
[Site "Hoogeveen NED"]
[Date "2011.10.15"]
[Round "2.1"]
[White "Tiviakov, Sergei"]
[Black "Donchenko, Alexander"]
[Result "1-0"]
[WhiteElo "2647"]
[BlackElo "2304"]
[EventDate "2011.10.14"]
[PlyCount "99"]

1.e4 c5 2.Nc3 d6 3.f4 Nc6 4.Nf3 g6 5.d4 cxd4 6.Nxd4 Bg7 7.Be3 Nf6 8.Be2 
Bd7 9.Nb3 Rc8 10.O-O O-O 11.Bf3 Be6 12.Nd5 Nd7 13.c3 Bxd5 14.Qxd5 Qc7 15.
a4 b6 16.a5 Nc5 17.axb6 axb6 18.Nd4 e6 19.Qc4 Nxd4 20.cxd4 Nd7 21.Qb5 Qc6 
22.Qxc6 Rxc6 23.e5 d5 24.Rfc1 Nb8 25.Be2 Rfc8 26.Bb5 Rxc1+ 27.Rxc1 Rxc1+ 
28.Bxc1 f5 29.Bd2 Bf8 30.h4 h5 31.Kf1 Kf7 32.Ke2 Be7 33.g3 Bf8 34.Kd3 Be7 
35.Kc2 Bf8 36.Kb3 Be7 37.Ka4 Bf8 38.Be1 Be7 39.Bc3 Bf8 40.Bd3 Ke8 41.Kb5 
Nd7 42.Kc6 Kd8 43.b4 Kc8 44.Ba6+ Kd8 45.Kb7 Be7 46.Bb5 Bf8 47.Bxd7 Kxd7 
48.Kxb6 Kc8 49.Kc6 Be7 50.b5 1-0

[Event "15th Unive op"]
[Site "Hoogeveen NED"]
[Date "2011.10.15"]
[Round "2.2"]
[White "Afek, Yochanan"]
[Black "Baklan, Vladimir"]
[Result "0-1"]
[WhiteElo "2299"]
[BlackElo "2617"]
[EventDate "2011.10.14"]
[PlyCount "128"]

1.e4 e6 2.d4 d5 3.e5 c5 4.c3 Nc6 5.Nf3 Bd7 6.a3 Nge7 7.Bd3 cxd4 8.cxd4 Nf5
9.Bxf5 exf5 10.Nc3 Be6 11.Ne2 Be7 12.h4 h6 13.b4 b5 14.Qd3 a5 15.Qxb5 Qd7 
16.Qa4 Nxe5 17.Qxd7+ Nxd7 18.b5 a4 19.Bf4 Ra7 20.Kd2 Rb7 21.Nc3 Nb6 22.Ne5
O-O 23.Nc6 Nc4+ 24.Kd3 Bxa3 25.Na5 Nxa5 26.Rxa3 Nc4 27.Ra2 a3 28.Rb1 Ra8 
29.Rb4 f6 30.Bc1 Ra5 31.f4 Kf7 32.b6 Kg6 33.Ra4 Rxb6 34.Rxa5 Nxa5 35.Bxa3 
Nc4 36.Bf8 Rb8 37.Bc5 Kh5 38.g3 Rb7 39.Re2 Bf7 40.Re7 Rxe7 41.Bxe7 Kg4 42.
Ne2 Be8 43.Bf8 g6 44.Bxh6 Nd6 45.Nc3 Bc6 46.Bf8 Ne8 47.Kc2 Kxg3 48.Kb3 
Kxf4 49.Kb4 Kg4 50.Kc5 Ba8 51.Nxd5 Bxd5 52.Kxd5 f4 53.Bb4 Kxh4 54.Be1+ Kg4
55.Ke6 g5 56.Ke7 Nc7 57.Kxf6 Nd5+ 58.Ke5 Kf3 59.Kxd5 g4 60.Kc6 g3 61.d5 g2
62.d6 g1=Q 63.Bb4 Qg6 64.Bc5 Ke4 0-1

[Event "15th Unive op"]
[Site "Hoogeveen NED"]
[Date "2011.10.15"]
[Round "2.3"]
[White "Wagner, Dennis"]
[Black "Zherebukh, Yaroslav"]
[Result "0-1"]
[WhiteElo "2290"]
[BlackElo "2580"]
[EventDate "2011.10.14"]
[PlyCount "74"]

1.d4 Nf6 2.c4 c5 3.d5 e6 4.Nc3 exd5 5.cxd5 d6 6.g3 g6 7.Bg2 Bg7 8.Nf3 O-O 
9.O-O Re8 10.Nd2 a6 11.a4 Nbd7 12.h3 Rb8 13.Nc4 Ne5 14.Na3 Nh5 15.e4 Bd7 
16.a5 Qxa5 17.g4 Nf6 18.f4 Nfxg4 19.hxg4 Nxg4 20.f5 h5 21.Qf3 Qd8 22.Bh3 
gxf5 23.Nc4 Qh4 24.Nxd6 fxe4 25.Ncxe4 Ne5 26.Nf6+ Bxf6 27.Qxf6 Qxf6 28.
Rxf6 Bxh3 29.Nxe8 Rxe8 30.Bd2 Ng4 31.Rf3 Re2 32.Be1 Bg2 33.Rf5 Be4 34.Rg5+
Kf8 35.Kf1 Rxb2 36.Bg3 Ne3+ 37.Ke1 Nc2+ 0-1

[Event "15th Unive op"]
[Site "Hoogeveen NED"]
[Date "2011.10.15"]
[Round "2.4"]
[White "Lenderman, Aleksandr"]
[Black "Rietveld, Renze"]
[Result "1-0"]
[WhiteElo "2562"]
[BlackElo "2291"]
[EventDate "2011.10.14"]
[PlyCount "97"]

1.e4 c5 2.d4 cxd4 3.c3 d3 4.Bxd3 g6 5.Nf3 Bg7 6.O-O Nc6 7.c4 d6 8.h3 Nf6 
9.Nc3 O-O 10.Be3 b6 11.Rc1 Bb7 12.Qe2 Nd7 13.Rfd1 Rc8 14.Bb1 Re8 15.b3 Nc5
16.Nd4 Nxd4 17.Bxd4 Bxd4 18.Rxd4 Ne6 19.Rd2 Rc5 20.Rf1 Qa8 21.f4 Nf8 22.
Qf2 Qc8 23.Kh2 Qe6 24.Qd4 g5 25.g3 Bc8 26.Kg1 Qxh3 27.Rg2 Qh6 28.b4 Rc7 
29.Nd5 Rb7 30.Rh2 Qg7 31.Qd2 Be6 32.Kh1 Bxd5 33.exd5 Rc7 34.Bd3 b5 35.cxb5
e5 36.dxe6 Rxe6 37.fxg5 Re5 38.Bf5 d5 39.g4 Rce7 40.a4 Re3 41.Qxd5 Qxg5 
42.Qd1 Rc3 43.Qd8 Rc1 44.Bxh7+ Kg7 45.Qd4+ f6 46.Bd3 Rxf1+ 47.Bxf1 Qc1 48.
Rf2 Nh7 49.g5 1-0

[Event "15th Unive op"]
[Site "Hoogeveen NED"]
[Date "2011.10.15"]
[Round "2.5"]
[White "Schoorl, Rob"]
[Black "Nyzhnyk, Illya"]
[Result "1/2-1/2"]
[WhiteElo "2276"]
[BlackElo "2561"]
[EventDate "2011.10.14"]
[PlyCount "58"]

1.e4 c5 2.Nf3 d6 3.d4 cxd4 4.Nxd4 Nf6 5.Nc3 a6 6.f4 e5 7.Nf3 Nbd7 8.a4 Be7
9.Bd3 O-O 10.O-O exf4 11.Bxf4 Nc5 12.Kh1 Bd7 13.Nd4 Rc8 14.Qd2 Re8 15.a5 
b5 16.b4 Ne6 17.Be3 Ng4 18.Nd5 Nxe3 19.Qxe3 Bg5 20.Qf2 Nxd4 21.Qxd4 Be6 
22.c4 Bxd5 23.exd5 Be3 24.Qg4 bxc4 25.Bxc4 h5 26.Qe2 Qh4 27.Bxa6 Bf4 28.
Rxf4 Qxf4 29.Qf1 Qxb4 1/2-1/2

[Event "15th Unive op"]
[Site "Hoogeveen NED"]
[Date "2011.10.15"]
[Round "2.7"]
[White "Vedder, Richard"]
[Black "Grover, Sahaj"]
[Result "1/2-1/2"]
[WhiteElo "2260"]
[BlackElo "2514"]
[EventDate "2011.10.14"]
[PlyCount "106"]

1.e4 e6 2.Nf3 d5 3.Nc3 d4 4.Ne2 c5 5.c3 Nc6 6.cxd4 cxd4 7.Qa4 Bc5 8.b4 
Bxb4 9.Nexd4 Qa5 10.Qxa5 Bxa5 11.Nxc6 bxc6 12.Ne5 Nf6 13.f3 Bb6 14.Bb2 Bd7
15.Rc1 Rb8 16.Ba3 c5 17.Nxd7 Nxd7 18.Bb5 e5 19.Ke2 Rc8 20.Rc4 Ke7 21.Rhc1 
Nf8 22.Ba6 Rc6 23.Bb7 Rc7 24.Bd5 Nd7 25.d4 Rhc8 26.dxe5 Nxe5 27.R4c2 Nd7 
28.Bc4 Nf8 29.f4 Ne6 30.Bxe6 fxe6 31.Rc4 g6 32.g4 Kf7 33.Rd1 Ke7 34.Rd3 
Rd7 35.Rh3 Kf8 36.Rhc3 Kf7 37.Rh3 Kf8 38.Rhc3 Kf7 39.Rh3 Kg8 40.f5 exf5 
41.gxf5 Rcd8 42.Bc1 Rd4 43.Rxd4 Rxd4 44.fxg6 hxg6 45.e5 c4 46.Bb2 Re4+ 47.
Kd2 Ba5+ 48.Kc2 Re2+ 49.Kc1 Bb6 50.Rh4 Re1+ 51.Kc2 Re2+ 52.Kc1 Re1+ 53.Kc2
Re2+ 1/2-1/2

[Event "15th Unive op"]
[Site "Hoogeveen NED"]
[Date "2011.10.15"]
[Round "2.8"]
[White "Van der Wiel, John"]
[Black "Nakar, Eylon"]
[Result "1/2-1/2"]
[WhiteElo "2459"]
[BlackElo "2268"]
[EventDate "2011.10.14"]
[PlyCount "71"]

1.e4 e6 2.d4 d5 3.Nd2 c5 4.exd5 Qxd5 5.dxc5 Bxc5 6.Ngf3 Nf6 7.Bc4 Qd6 8.
O-O O-O 9.Qe2 Qc7 10.Ne4 Be7 11.Bg5 Nbd7 12.Rad1 b6 13.Bh4 Bb7 14.Bg3 Qc6 
15.Nd6 Bxd6 16.Rxd6 Qe4 17.Rd4 Qxe2 18.Bxe2 Nc5 19.Ne5 Nfe4 20.f3 Nxg3 21.
hxg3 Rad8 22.Rfd1 Rd5 23.Rxd5 exd5 24.Bb5 f6 25.Nd7 Rd8 26.Nxc5 bxc5 27.
Kf2 Kf7 28.b3 Rd6 29.Rh1 h6 30.Rh5 Re6 31.Bd3 Ke7 32.c3 Kd6 33.Rh4 Kc7 34.
Ra4 Kb6 35.Rh4 Kc7 36.Ra4 1/2-1/2

[Event "15th Unive op"]
[Site "Hoogeveen NED"]
[Date "2011.10.15"]
[Round "2.9"]
[White "Goudriaan, Etienne"]
[Black "Raznikov, Danny"]
[Result "1/2-1/2"]
[WhiteElo "2250"]
[BlackElo "2433"]
[EventDate "2011.10.14"]
[PlyCount "88"]

1.e4 c6 2.d4 d5 3.e5 Bf5 4.Nf3 e6 5.Be2 c5 6.Be3 cxd4 7.Nxd4 Ne7 8.c4 Nbc6
9.Nc3 Nxd4 10.Bxd4 dxc4 11.Qa4+ Nc6 12.Rd1 Qa5 13.Qxc4 Be7 14.O-O O-O 15.
Nb5 a6 16.Nd6 Nxe5 17.Qc3 Qxc3 18.Bxc3 Bxd6 19.Rxd6 Nc6 20.Bf3 Rfd8 21.
Rfd1 Rxd6 22.Rxd6 Rd8 23.Rxd8+ Nxd8 24.Ba5 Nc6 25.Bb6 e5 26.Bxc6 bxc6 27.
a4 Bc2 28.a5 Bb3 29.Kf1 f6 30.Ke2 Kf7 31.Ke3 g5 32.g3 Ke6 33.f4 exf4+ 34.
gxf4 g4 35.Kf2 Kf5 36.Kg3 h5 37.Bd8 Bc4 38.Be7 Bf1 39.Bd8 Ke6 40.Kh4 Be2 
41.Kg3 f5 42.b4 Kd5 43.Bf6 Kc4 44.Be7 Kd5 1/2-1/2

[Event "15th Unive op"]
[Site "Hoogeveen NED"]
[Date "2011.10.15"]
[Round "2.10"]
[White "Van Delft, Merijn"]
[Black "Beukema, Stefan"]
[Result "1/2-1/2"]
[WhiteElo "2413"]
[BlackElo "2259"]
[EventDate "2011.10.14"]
[PlyCount "80"]

1.e4 e5 2.Nf3 Nc6 3.Bc4 Bc5 4.c3 Nf6 5.d3 d6 6.Bb3 a6 7.O-O Ba7 8.h3 Be6 
9.Bc2 Ne7 10.d4 Ng6 11.Be3 c5 12.Nbd2 O-O 13.dxe5 dxe5 14.Ng5 Bd7 15.Nc4 
b5 16.Nd6 h6 17.Nf3 Bc6 18.Re1 Qc7 19.Re2 Rad8 20.Rd2 Rd7 21.Nf5 Rfd8 22.
Rxd7 Rxd7 23.Qc1 Bxe4 24.Bxe4 Nxe4 25.Bxh6 c4 26.Be3 Nf4 27.Qc2 Nd3 28.
Bxa7 Qxa7 29.Nxe5 Qc5 30.Nh6+ gxh6 31.Nxd7 Qa7 32.Qe2 Ndxf2 33.Nf6+ Kh8 
34.Nxe4 Nxe4+ 35.Kh2 Qc7+ 36.Kg1 Qc5+ 37.Kh2 Qe5+ 38.Kg1 Qc5+ 39.Kh2 Qd6+ 
40.Kg1 Qc5+ 1/2-1/2

[Event "15th Unive op"]
[Site "Hoogeveen NED"]
[Date "2011.10.15"]
[Round "2.11"]
[White "Van Assendelft, Floris"]
[Black "Timmermans, Ivo"]
[Result "1-0"]
[WhiteElo "2376"]
[BlackElo "2247"]
[EventDate "2011.10.14"]
[PlyCount "57"]

1.e4 e5 2.Nf3 Nc6 3.Bb5 a6 4.Ba4 Nf6 5.O-O Nxe4 6.d4 b5 7.Bb3 d5 8.dxe5 
Be6 9.Nbd2 Nc5 10.c3 d4 11.Bxe6 Nxe6 12.cxd4 Ncxd4 13.a4 Bc5 14.Ne4 Bb6 
15.Nfg5 Nxg5 16.Bxg5 Qd7 17.axb5 Qxb5 18.Ra3 h6 19.Rh3 Ne6 20.Re1 Bd4 21.
Kh1 Rb8 22.f4 Bxb2 23.f5 Nxg5 24.Nxg5 O-O 25.f6 Bxe5 26.Qc2 g6 27.Rxh6 
Rfd8 28.Rxg6+ Kf8 29.Rg8+ 1-0

[Event "15th Unive op"]
[Site "Hoogeveen NED"]
[Date "2011.10.15"]
[Round "2.12"]
[White "Hovenga, Alje"]
[Black "Voekler, Bernd"]
[Result "1-0"]
[WhiteElo "2234"]
[BlackElo "2374"]
[EventDate "2011.10.14"]
[PlyCount "73"]

1.d4 Nf6 2.c4 g6 3.Nc3 Bg7 4.e4 d6 5.f4 O-O 6.Nf3 Na6 7.Bd3 c5 8.d5 e6 9.
O-O Nc7 10.e5 Ng4 11.h3 Nh6 12.Ne4 dxe5 13.fxe5 exd5 14.cxd5 Nxd5 15.Bg5 
Ne7 16.g4 Kh8 17.Qe2 Qc7 18.Rac1 b6 19.Nf6 Nhg8 20.Be4 Rb8 21.Qf2 Bb7 22.
Bxb7 Rxb7 23.Rcd1 Rd8 24.Bh4 h6 25.Bg3 Qc8 26.Ne4 Rxd1 27.Rxd1 Qe6 28.Nd6 
Rd7 29.Nxf7+ Qxf7 30.Rxd7 Qxa2 31.Qc2 Nc6 32.e6 Qxb2 33.Qxb2 Bxb2 34.Bd6 
a5 35.Rc7 a4 36.Rxc6 a3 37.Nd2 1-0

[Event "15th Unive op"]
[Site "Hoogeveen NED"]
[Date "2011.10.15"]
[Round "2.14"]
[White "Meurs, Tom WA"]
[Black "De Jong, Migchiel"]
[Result "1/2-1/2"]
[WhiteElo "2217"]
[BlackElo "2370"]
[EventDate "2011.10.14"]
[PlyCount "66"]

1.e4 c5 2.Nf3 e6 3.d4 cxd4 4.Nxd4 a6 5.Bd3 Nf6 6.O-O e5 7.Ne2 d6 8.Ng3 Be7
9.Nc3 O-O 10.Bg5 Be6 11.Qf3 Bg4 12.Qe3 Nbd7 13.h3 Be6 14.Qf3 Qb6 15.Nd5 
Nxd5 16.exd5 Bxd5 17.Bxh7+ Kxh7 18.Qh5+ Kg8 19.Bxe7 Rfe8 20.Rad1 Be6 21.
Bxd6 Qxb2 22.Rfe1 Qxc2 23.Ne4 Rad8 24.Rd2 Qc6 25.Qh4 f6 26.Re3 Bf5 27.Ba3 
Bxe4 28.Rxe4 Qc3 29.Re3 Qxd2 30.Qc4+ Kh7 31.Qh4+ Kg8 32.Qc4+ Kh7 33.Qh4+ 
Kg8 1/2-1/2

[Event "15th Unive op"]
[Site "Hoogeveen NED"]
[Date "2011.10.15"]
[Round "2.15"]
[White "Willemze, Thomas"]
[Black "Van Weersel, Arlette"]
[Result "1-0"]
[WhiteElo "2370"]
[BlackElo "2191"]
[EventDate "2011.10.14"]
[PlyCount "63"]

1.e4 e5 2.Nf3 Nc6 3.Nc3 Nf6 4.Bb5 Nd4 5.Nxe5 Qe7 6.f4 Nxb5 7.Nxb5 d6 8.Nf3
Qxe4+ 9.Kf2 Ng4+ 10.Kg1 Kd8 11.h3 Nf6 12.d3 Qe8 13.c4 Bd7 14.Nc3 g6 15.Kh2
Bg7 16.Re1 Qf8 17.d4 h5 18.Ng5 Nh7 19.Be3 Kc8 20.c5 Nxg5 21.fxg5 dxc5 22.
Ne4 Bf5 23.Nxc5 Qd6+ 24.Kh1 Rd8 25.Rc1 Qd5 26.Bf4 c6 27.Re7 Bd7 28.Ne4 Rh8
29.Qe2 Rf8 30.Nd6+ Kd8 31.Nxb7+ Kc8 32.Nc5 1-0

[Event "15th Unive op"]
[Site "Hoogeveen NED"]
[Date "2011.10.15"]
[Round "2.16"]
[White "Van Lommel, Patrick"]
[Black "Svane, Rasmus"]
[Result "0-1"]
[WhiteElo "2111"]
[BlackElo "2351"]
[EventDate "2011.10.14"]
[PlyCount "64"]

1.e4 e6 2.d4 d5 3.Nc3 Nf6 4.Bg5 dxe4 5.Nxe4 Be7 6.Bxf6 Bxf6 7.Nf3 Nd7 8.c3
Be7 9.Bd3 O-O 10.Qe2 b6 11.O-O-O Bb7 12.h4 c5 13.Neg5 h6 14.Nxe6 Bxf3 15.
gxf3 fxe6 16.Qxe6+ Kh8 17.Qg6 Nf6 18.Rhg1 Rg8 19.Bc4 Qc7 20.Bxg8 Rxg8 21.
d5 Qf4+ 22.Kb1 Bd6 23.Rde1 b5 24.Re6 a5 25.Qf7 b4 26.cxb4 axb4 27.Re3 Be5 
28.Rge1 Bd4 29.Re4 Qd2 30.R4e2 Qd3+ 31.Ka1 c4 32.Re3 Qc2 0-1

[Event "15th Unive op"]
[Site "Hoogeveen NED"]
[Date "2011.10.15"]
[Round "2.17"]
[White "Sekandar, Kambiz"]
[Black "Van Kampen, Robin"]
[Result "0-1"]
[WhiteElo "1922"]
[BlackElo "2529"]
[EventDate "2011.10.14"]
[PlyCount "62"]

1.e4 c5 2.c3 Nf6 3.e5 Nd5 4.Bc4 e6 5.Nf3 d6 6.d4 cxd4 7.Bxd5 exd5 8.Qxd4 
Nc6 9.Qxd5 dxe5 10.Qxd8+ Kxd8 11.Be3 f6 12.Nbd2 Be6 13.O-O-O Kc7 14.Nb3 b6
15.h3 Be7 16.Nfd2 a5 17.a4 Rhd8 18.Na1 Rab8 19.Ne4 f5 20.Rxd8 Rxd8 21.Ng5 
Bd5 22.Nf3 f4 23.Bd2 Bc5 24.Rf1 Bc4 25.Re1 Bxf2 26.Rxe5 Nxe5 27.Nxe5 Bf1 
28.Bxf4 Kb7 29.g3 Bxh3 30.Nc2 Be6 31.c4 h6 0-1

[Event "15th Unive op"]
[Site "Hoogeveen NED"]
[Date "2011.10.15"]
[Round "2.18"]
[White "Brandenburg, Daan"]
[Black "Kollen, Zyon"]
[Result "1-0"]
[WhiteElo "2522"]
[BlackElo "2112"]
[EventDate "2011.10.14"]
[PlyCount "61"]

1.e4 e6 2.d4 d5 3.Nd2 Nf6 4.e5 Nfd7 5.c3 c5 6.Bd3 b6 7.Ne2 Ba6 8.Bxa6 Nxa6
9.Nf4 Nc7 10.O-O Be7 11.Qg4 g6 12.Nf3 h6 13.h4 c4 14.Nh3 b5 15.h5 g5 16.
Nh2 Rg8 17.Qe2 f5 18.exf6 Nxf6 19.Ng4 Nxg4 20.Qxg4 Kd7 21.f4 gxf4 22.Qe2 
Bd6 23.Bxf4 Kc6 24.a4 a6 25.axb5+ axb5 26.Rxa8 Qxa8 27.Bxd6 Kxd6 28.Qe5+ 
Kc6 29.Rf7 Qa1+ 30.Kh2 Rc8 31.Nf4 1-0

[Event "15th Unive op"]
[Site "Hoogeveen NED"]
[Date "2011.10.15"]
[Round "2.19"]
[White "Van Foreest, Jorden"]
[Black "Tania, Sachdev"]
[Result "1/2-1/2"]
[WhiteElo "2153"]
[BlackElo "2419"]
[EventDate "2011.10.14"]
[PlyCount "49"]

1.d4 Nf6 2.c4 e6 3.Nc3 Bb4 4.Qc2 O-O 5.Nf3 d5 6.a3 Bxc3+ 7.Qxc3 dxc4 8.
Qxc4 b6 9.Qc2 Ba6 10.g3 Nbd7 11.Bg2 c5 12.dxc5 bxc5 13.O-O Qb6 14.Rd1 Bb7 
15.Bd2 Be4 16.Qc1 Rab8 17.Bc3 Nd5 18.Rd2 Rfd8 19.Ne5 Bxg2 20.Kxg2 Qb7 21.
Kg1 Nxc3 22.Qxc3 Nxe5 23.Rxd8+ Rxd8 24.Qxe5 Rd2 25.Qxc5 1/2-1/2

[Event "15th Unive op"]
[Site "Hoogeveen NED"]
[Date "2011.10.15"]
[Round "2.20"]
[White "Hoffman, Ron"]
[Black "Okkes, Menno"]
[Result "0-1"]
[WhiteElo "2121"]
[BlackElo "2386"]
[EventDate "2011.10.14"]
[PlyCount "66"]

1.c4 e6 2.g3 d5 3.Bg2 Nf6 4.Nf3 dxc4 5.Na3 Bxa3 6.bxa3 b5 7.Bb2 Bb7 8.a4 
a6 9.axb5 axb5 10.a4 b4 11.Qc2 Bd5 12.O-O Nbd7 13.Rfe1 Nc5 14.e4 b3 15.Qc3
Ncxe4 16.Rxe4 Bxe4 17.Qxc4 Qd5 18.Qc3 O-O 19.a5 Ra6 20.Ra4 Rfa8 21.Rd4 
Qxa5 22.Qe3 Qa2 23.Rxe4 Nxe4 24.Qd4 Nf6 25.Ne5 Qb1+ 26.Bf1 Ra4 27.Qc3 Ra1 
28.Bxa1 Rxa1 29.Kg2 Qxf1+ 30.Kf3 Qd1+ 31.Kg2 Qh1+ 32.Kh3 Qf1+ 33.Kh4 g5+ 
0-1

[Event "15th Unive op"]
[Site "Hoogeveen NED"]
[Date "2011.10.15"]
[Round "2.21"]
[White "Popilski, Gil"]
[Black "Te Bokkel, Gert Jan"]
[Result "1-0"]
[WhiteElo "2381"]
[BlackElo "2034"]
[EventDate "2011.10.14"]
[PlyCount "57"]

1.e4 e5 2.Nf3 Nc6 3.Bb5 Nf6 4.O-O Nxe4 5.d4 a6 6.Ba4 b5 7.Bb3 d5 8.dxe5 
Be6 9.Nbd2 Nc5 10.c3 Be7 11.Bc2 Bg4 12.Re1 O-O 13.Nb3 Ne6 14.Qd3 g6 15.Bh6
Re8 16.Rad1 Bf5 17.Qd2 Bxc2 18.Qxc2 Bf8 19.Bxf8 Rxf8 20.Qd2 Ne7 21.Nfd4 
Nxd4 22.cxd4 Nf5 23.Rc1 Qd7 24.Rc3 h5 25.Rec1 Rfc8 26.Rc6 Ne7 27.Rf6 c6 
28.e6 fxe6 29.Nc5 1-0

[Event "15th Unive op"]
[Site "Hoogeveen NED"]
[Date "2011.10.15"]
[Round "2.22"]
[White "Van Laatum, Maarten"]
[Black "Peelen, Piet"]
[Result "1/2-1/2"]
[WhiteElo "2115"]
[BlackElo "2354"]
[EventDate "2011.10.14"]
[PlyCount "89"]

1.e4 c6 2.d4 d5 3.Nc3 dxe4 4.Nxe4 Bf5 5.Ng3 Bg6 6.h4 h6 7.Nf3 Nd7 8.h5 Bh7
9.Bd3 Bxd3 10.Qxd3 e6 11.Bf4 Ngf6 12.O-O-O Be7 13.Kb1 O-O 14.Ne4 Nxe4 15.
Qxe4 Nf6 16.Qe2 Qd5 17.Ne5 Qe4 18.Qxe4 Nxe4 19.Rhe1 Nf6 20.g4 Rfd8 21.f3 
c5 22.dxc5 Bxc5 23.c4 Kf8 24.Kc2 Ke7 25.a3 a5 26.Rd3 Rdc8 27.Red1 b5 28.
Kb1 bxc4 29.Nxc4 Nd5 30.Be5 f6 31.Bd4 a4 32.Bxc5+ Rxc5 33.Ne3 Kd6 34.b4 
axb3 35.Rxb3 Kc6 36.Nxd5 exd5 37.Re1 Ra7 38.Re8 d4 39.Rd8 Rd5 40.Rb6+ Kxb6
41.Rxd5 Rxa3 42.Rxd4 Kc6 43.Rf4 Kd5 44.Kc2 Ke5 45.Re4+ 1/2-1/2

[Event "15th Unive op"]
[Site "Hoogeveen NED"]
[Date "2011.10.15"]
[Round "2.23"]
[White "Bezemer, Arno J"]
[Black "Sadallah, Osama"]
[Result "1-0"]
[WhiteElo "2351"]
[BlackElo "2145"]
[EventDate "2011.10.14"]
[PlyCount "69"]

1.e4 c5 2.Nf3 g6 3.d4 cxd4 4.Nxd4 Nc6 5.c4 Nf6 6.Nc3 d6 7.Nc2 Bg7 8.Be2 
O-O 9.O-O a6 10.Be3 Rb8 11.f3 Qa5 12.Rb1 Nh5 13.f4 Bxc3 14.bxc3 Nf6 15.Bb6
Qxa2 16.Bd3 Qa4 17.Qd2 Nd8 18.f5 Qd7 19.Ba7 Ra8 20.Bd4 Nc6 21.Bxf6 exf6 
22.Qh6 Ne5 23.Ne3 b5 24.Nd5 Qd8 25.Rf4 g5 26.Nxf6+ Qxf6 27.Qxf6 gxf4 28.
Qxd6 Re8 29.cxb5 a5 30.b6 Bb7 31.Bb5 Rad8 32.Qh6 Rd2 33.f6 Rxg2+ 34.Kxg2 
Bxe4+ 35.Kg1 1-0